Historie a současnost Jihoafrické republiky - od apartheidu k demokracii

Historický vývoj a hodnotenie súčasného stavu Juhoafrickej republiky. Medzinárodné aktivity Juhoafrickej republiky.

Enregistré dans:
Détails bibliographiques
Auteur principal: Lukášek, Libor
Format: Chapitre de livre
Langue:tchèque
Sujets:
Tags: Ajouter un tag
Pas de tags, Soyez le premier à ajouter un tag!

MARC

LEADER 00000naa a2200000 4500
001 r035686
005 20230927113017.1
041 0 |a cze 
044 |a CZ 
245 1 0 |a Historie a současnost Jihoafrické republiky - od apartheidu k demokracii  |c Libor Lukášek 
520 |a Historický vývoj a hodnotenie súčasného stavu Juhoafrickej republiky. Medzinárodné aktivity Juhoafrickej republiky. 
610 2 0 |a situácia hospodárska 
610 2 0 |a Juhoafrická republika 
610 2 0 |a história 
610 2 0 |a vývoj hospodársky 
610 2 0 |a vzťahy hospodárske medzinárodné 
610 2 0 |a vzťahy politické medzinárodné 
610 2 0 |a reformy hospodárske 
100 1 |a Lukášek, Libor